[Event "Munich Whitsun op-A 3rd"]
[Site "Munich"]
[Date "2025.06.09"]
[Round "4"]
[White "Alvarez Serrano, Carlos"]
[Black "Keinanen, Toivo"]
[Result "1/2-1/2"]
[WhiteElo "2153"]
[BlackElo "2532"]
[PlyCount "208"]
[EventDate "2025.06.08"]
[EventType "swiss"]
[EventRounds "9"]
[EventCountry "GER"]
[SourceTitle "CB26_2025"]
[SourceDate "2025.06.25"]
[SourceVersion "1"]
[SourceVersionDate "2025.06.25"]
[SourceQuality "1"]

1. d4 d5 2. c4 e6 3. Nf3 Nf6 4. g3 Bb4+ 5. Nbd2 dxc4 6. Bg2 b5 7. 0-0 0-0 8. a3 Be7 9. b3 cxb3 10. Qxb3 Bb7 11. Qxb5 Ba6 12. Qa4 Nd5 13. Nc4 c5 14. Bb2 Qd7 15. Qc2 cxd4 16. Nce5 Qd6 17. Bxd4 Rc8 18. Qe4 f6 19. Nd3 Nc6 20. Nf4 Nxf4 21. gxf4 Bc4 22. Rfd1 Bd5 23. Qe3 Na5 24. f5 Nc4 25. Qd3 Qf4 26. fxe6 Bxe6 27. e3 Qg4 28. h3 Qh5 29. Qe4 Bd5 30. Qxe7 Bxf3 31. Qe6+ Kh8 32. Bxf3 Qxf3 33. Rdc1 Rc6 34. Qg4 Qd5 35. Qg2 Qxg2+ 36. Kxg2 Kg8 37. Rab1 Nxa3 38. Rxc6 Nxb1 39. Ra6 Nd2 40. Rxa7 Rxa7 41. Bxa7 Kf7 42. f3 Ke6 43. e4 f5 44. exf5+ Kxf5 45. Be3 Nc4 46. Bd4 g6 47. Kg3 h5 48. Ba7 Ne5 49. Bb8 Nc6 50. Bc7 Nd4 51. Bb8 Nb5 52. Kh4 Nc3 53. Kg3 Nd5 54. Bd6 Kg5 55. h4+ Kf5 56. Bb8 Kf6 57. Bf4 Ke6 58. Bc1 Nc3 59. Bg5 Ke5 60. Bd2 Nd5 61. Bc1 Kd4 62. Bg5 Kd3 63. Kf2 Nc7 64. Kg3 Ke2 65. Bd8 Nd5 66. Bg5 Kf1 67. Bd8 Ke1 68. Ba5+ Ke2 69. Bd8 Ke3 70. Bg5+ Kd3 71. Bd8 Kd4 72. Bg5 Ke5 73. Kg2 Nc7 74. Bc1 Nb5 75. Kg3 Kf5 76. Kg2 Ke6 77. Bb2 Nd6 78. Bc1 Ke5 79. Bb2+ Kd5 80. Kf2 Nf5 81. Bf6 Ke6 82. Bd8 Ke5 83. Ke2 Ng7 84. Ke3 Ne6 85. Be7 Nc7 86. Bg5 Nd5+ 87. Ke2 Kd4 88. Kd2 Ke5 89. Ke2 Nc7 90. Ke3 Ne6 91. Be7 Kf5 92. Bd6 Nd8 93. Be7 Nb7 94. Bb4 Nd8 95. Be7 Nf7 96. Bf8 Ne5 97. Bh6 Nc4+ 98. Kd3 Nb6 99. Kd4 Nd7 100. Kd3 Ne5+ 101. Ke3 Nf7 102. Bf8 g5 103. hxg5 Nxg5 104. Be7 Ke5 1/2-1/2

[Event "Alcorcon Diagonal-B 3rd"]
[Site "Alcorcon"]
[Date "2024.12.27"]
[Round "4"]
[White "Martel Bruniaux, Malko"]
[Black "Alvarez Serrano, Carlos"]
[Result "0-1"]
[WhiteElo "2180"]
[BlackElo "2222"]
[PlyCount "80"]
[EventDate "2024.12.26"]
[EventType "tourn"]
[EventRounds "9"]
[EventCountry "ESP"]
[EventCategory "1"]
[SourceTitle "CB01_2025"]
[SourceDate "2025.01.01"]
[SourceVersion "1"]
[SourceVersionDate "2025.01.01"]
[SourceQuality "1"]

1. d4 Nf6 2. Nf3 e6 3. g3 b5 4. Bg2 Bb7 5. 0-0 d5 6. a4 b4 7. Ne5 c5 8. c4 bxc3 9. bxc3 Nbd7 10. Ba3 Nxe5 11. dxe5 Nd7 12. f4 c4 13. Bxf8 Kxf8 14. Qd4 Qb6 15. a5 Qxd4+ 16. cxd4 f5 17. Nc3 Bc6 18. g4 g6 19. gxf5 gxf5 20. Rf3 Rb8 21. Kf2 h6 22. Rg3 Rg8 23. Rh3 Kg7 24. Bf3 Kh7 25. Bh5 Rg7 26. Ke3 Rb2 27. Rh4 Rc2 28. Ra3 Nb8 29. a6 Rb2 30. Ra1 Rb6 31. Rf1 Nxa6 32. Rf3 Nb4 33. Kf2 Nc2 34. e3 Rb2 35. Ne2 Nb4 36. Rfh3 Nd3+ 37. Kf3 c3 38. Be8 Bxe8 39. Rxh6+ Kg8 40. Rxe6 Bb5 0-1

[Event "Tenerife-chT Preferente"]
[Site "Tenerife"]
[Date "2024.11.16"]
[Round "2.1"]
[White "Kohlmann, Robert"]
[Black "Alvarez Serrano, Carlos"]
[Result "0-1"]
[WhiteElo "2041"]
[BlackElo "2225"]
[PlyCount "58"]
[EventDate "2024.11.09"]
[EventType "team-tourn"]
[EventRounds "14"]
[EventCountry "ESP"]
[SourceTitle "CB14_2025"]
[SourceDate "2024.11.01"]
[SourceVersion "1"]
[SourceVersionDate "2024.11.01"]
[SourceQuality "1"]
[WhiteTeam "Rey Ahogado"]
[BlackTeam "Caissa Enroque"]
[WhiteTeamCountry "ESP"]
[BlackTeamCountry "ESP"]

1. e4 c5 2. Nf3 d6 3. g3 Nc6 4. Bg2 g6 5. 0-0 Bg7 6. d3 Nf6 7. Nbd2 0-0 8. c3 e5 9. a3 Ne8 10. Nc4 Nc7 11. b4 b5 12. Ne3 Be6 13. Bb2 f5 14. exf5 gxf5 15. Nh4 d5 16. f4 e4 17. Qh5 cxb4 18. axb4 Qe8 19. Qe2 Rc8 20. dxe4 fxe4 21. f5 Bd7 22. Bh3 a6 23. g4 Qe7 24. Nhg2 Ne5 25. Rad1 Nf3+ 26. Rxf3 exf3 27. Qxf3 Bc6 28. Nf4 d4 29. f6 Qxf6 0-1

[Event "San Cristobal de La Laguna rapid op"]
[Site "San Cristobal de La Laguna"]
[Date "2024.09.01"]
[Round "7"]
[White "Alvarez Serrano, Carlos"]
[Black "Fiorito, Francisco"]
[Result "0-1"]
[WhiteElo "2139"]
[BlackElo "2287"]
[PlyCount "108"]
[EventDate "2024.08.31"]
[EventType "swiss"]
[EventRounds "9"]
[EventCountry "ESP"]
[SourceTitle "EXT 2025"]
[Source "ChessBase"]
[SourceDate "2024.10.14"]
[SourceVersion "1"]
[SourceVersionDate "2024.10.14"]
[SourceQuality "1"]

1. Nf3 Nf6 2. c4 e6 3. g3 d5 4. Bg2 d4 5. e3 Nc6 6. 0-0 Be7 7. d3 e5 8. exd4 exd4 9. Na3 0-0 10. Nc2 a5 11. b3 Bg4 12. h3 Bh5 13. Re1 Bc5 14. Bf4 Bd6 15. Qd2 h6 16. Ne5 Bxe5 17. Bxe5 Nxe5 18. Rxe5 Qd6 19. Qf4 Rfd8 20. Rae1 Bg6 21. c5 Qa6 22. Nxd4 Qxd3 23. Nf5 Bxf5 24. Qxf5 Qxf5 25. Rxf5 c6 26. Re7 Rab8 27. Rfe5 Kf8 28. Rc7 Rd7 29. Rxd7 Nxd7 30. Rh5 a4 31. b4 Rd8 32. Rh4 Ne5 33. b5 Rd1+ 34. Kh2 cxb5 35. Rb4 Nd3 36. Rxb5 Rd2 37. Bxb7 Rxf2+ 38. Kg1 Rxa2 39. Be4 Nf2 40. Bg2 Rc2 41. Ra5 Nd3 42. c6 Rc1+ 43. Kh2 Nb4 44. Rxa4 Nxc6 45. Ra6 Ne5 46. Ra8+ Ke7 47. Ra6 Rc2 48. Kg1 Rc3 49. g4 Rd3 50. Kf2 Rc3 51. Kg1 g6 52. Kf2 Nd3+ 53. Kg1 Nf4 54. Ra4 Nxh3+ 0-1

[Event "San Cristobal de La Laguna rapid op"]
[Site "San Cristobal de La Laguna"]
[Date "2024.08.31"]
[Round "5"]
[White "Quintero Hernandez, Marcos Jesus"]
[Black "Alvarez Serrano, Carlos"]
[Result "0-1"]
[WhiteElo "1695"]
[BlackElo "2139"]
[PlyCount "66"]
[EventDate "2024.08.31"]
[EventType "swiss"]
[EventRounds "9"]
[EventCountry "ESP"]
[SourceTitle "EXT 2025"]
[Source "ChessBase"]
[SourceDate "2024.10.14"]
[SourceVersion "1"]
[SourceVersionDate "2024.10.14"]
[SourceQuality "1"]

1. c4 Nf6 2. Nc3 e6 3. e4 d5 4. e5 d4 5. exf6 dxc3 6. bxc3 Qxf6 7. d4 b6 8. Be2 Bb7 9. Bf3 Bxf3 10. Qxf3 Qxf3 11. Nxf3 Nc6 12. Be3 Na5 13. Nd2 Ba3 14. Ke2 0-0 15. Rab1 Be7 16. Bf4 c5 17. d5 Bf6 18. Rhc1 Rad8 19. Bc7 Rd7 20. Bf4 exd5 21. cxd5 Rxd5 22. Ne4 Be5 23. Be3 f5 24. c4 Rd7 25. Nc3 Nxc4 26. Nb5 Nxe3 27. fxe3 Bxh2 28. a4 Re8 29. a5 f4 30. Kf3 fxe3 31. axb6 axb6 32. Nc3 e2 33. Nxe2 Rf7+ 0-1